[Event "18th Brasschaat Open 2018"]
[Site "Brasschaat"]
[Date "2018.08.24"]
[Round "7"]
[White "Follesa, Enrico"]
[Black "Ismail, Tamer"]
[Result "1-0"]
[WhiteElo "1856"]
[BlackElo "1999"]
[Annotator "NA"]
[PlyCount "65"]
[EventDate "2018.08.18"]
[EventType "swiss"]
[EventCountry "BEL"]
[SourceTitle "playchess.com"]
[Source "ChessBase"]
[SourceQuality "1"]
[TimeControl "40/5400+30:1800+30"]

1. e4 {[%emt 0:00:00]} d6 {[%emt 0:00:00]} 2. d4 {[%emt 0:00:00]} Nf6 {[%emt 0:00:00]} 3. f3 {[%emt 0:00:00]} e5 {[%emt 0:00:00]} 4. d5 {[%emt 0:00:00]} Be7 {[%emt 0:00:00]} 5. c4 {[%emt 0:00:00]} h6 {[%emt 0:00:32]} 6. Nc3 {[%emt 0:00:30]} Nh5 {[%emt 0:04:43]} 7. g3 {[%emt 0:08:00]} Bg5 {[%emt 0:00:39]} (7... O-O $14) 8. f4 {[%emt 0:02:46]} Bxf4 {[%emt 0:00:58]} 9. Bxf4 {[%emt 0:00:56]} Nxf4 {[%emt 0:00:54]} 10. gxf4 {[%emt 0:00:01]} Qh4+ {[%emt 0:00:25]} 11. Kd2 {[%emt 0:00:48]} Qxf4+ {[%emt 0:00:28]} 12. Kc2 {[%emt 0:02:00]} Na6 {[%emt 0:02:40]} 13. a3 {[%emt 0:06:06]} Nc5 {[%emt 0:00:03]} 14. Bd3 {[%emt 0:02:01]} Bd7 {[%emt 0:15:00]} 15. Nge2 {[%emt 0:10:05]} Qf6 {[%emt 0:01:15]} 16. Rg1 {[%emt 0:04:32]} g6 {[%emt 0:00:15]} 17. b4 {[%emt 0:02:13]} Nxd3 {[%emt 0:00:03]} 18. Qxd3 {[%emt 0:00:32]} O-O-O {[%emt 0:02:36]} (18... O-O {was worth a try.} 19. Qg3 a6) 19. b5 {[%emt 0:04:31]} Qh4 {[%emt 0:00:48]} 20. a4 {[%emt 0:02:34]} Rdg8 {[%emt 0:05:05]} 21. Qe3 {[%emt 0:00:48]} Kb8 {[%emt 0:00:13]} 22. b6 {[%emt 0:01:20]} cxb6 {[%emt 0:01:23]} 23. a5 {[%emt 0:05:07]} f5 {[%emt 0:00:46]} 24. axb6 {[%emt 0:10:45]} a6 {[%emt 0:00:01]} 25. c5 {[%emt 0:00:27]} Rc8 {[%emt 0:12:05]} 26. c6 {[%emt 0:01:57]} Bxc6 {[%emt 0:00:05]} 27. dxc6 {[%emt 0:00:06]} Rxc6 {[%emt 0:00:03]} 28. Rxg6 {[%emt 0:02:03]} Qxe4+ {[%emt 0:02:28]} 29. Qxe4 {[%emt 0:00:35]} fxe4 {[%emt 0:00:01]} 30. Rb1 {[%emt 0:00:17]} d5 {[%emt 0:01:54]} 31. Rxc6 {[%emt 0:00:02]} bxc6 {[%emt 0:00:04]} 32. Na4 {[%emt 0:03:43]} c5 {[%emt 0:00:05]} 33. Nec3 $18 {[%emt 0:01:11]} 1-0

[Event "18th Brasschaat Open 2018"]
[Site "Brasschaat"]
[Date "2018.08.25"]
[Round "8"]
[White "Tikranian, Alik"]
[Black "Van Herck, Marcel"]
[Result "1-0"]
[WhiteElo "2295"]
[BlackElo "2019"]
[Annotator "TA"]
[PlyCount "41"]
[EventDate "2018.08.18"]
[EventType "swiss"]
[EventCountry "BEL"]
[SourceTitle "playchess.com"]
[Source "ChessBase"]
[SourceQuality "1"]

{[%evp 16,41,48,48,88,98,100,99,168,160,139,139,179,153,166,143,143,143,138,151,172,181,179,148,170,152,357,375]} 1. e4 c6 2. d4 d5 3. e5 c5 4. c3 Nc6 5. Nf3 Bg4 6. dxc5 {B12: Caro-Kann: Advance Variation} e6 7. Be3 (7. b4 a6 8. Nbd2 Nxe5 9. Qa4+ Nd7 10. Ne5 Ngf6 11. c4 a5 12. Nb3 axb4 13. Qb5 Be7 {0-1 (53) Topalov,V (2760)-Nakamura,H (2779) London 2016 CBM 176 [Roiz,M]}) 7... Bxf3 8. Qxf3 Nxe5 9. Bb5+ {LiveBook: 33 Games} Nd7 10. O-O $146 ({Predecessor:} 10. c4 Ngf6 11. Nc3 a6 12. Bxd7+ Qxd7 13. O-O-O O-O-O {1-0 (38) Alonso Moyano,J (2411)-Dominguez Pons,E (2387) Barcelona 2018}) 10... Ngf6 11. c4 {Black must now prevent cxd5.} Qc7 (11... a6 $16 {was necessary.} 12. Ba4 Qc7) 12. cxd5 $18 Nxd5 13. Nc3 Nxe3 14. Qxe3 {Hoping for Rad1.} O-O-O 15. Rac1 Kb8 16. b4 $36 {[%mdl 2048] White has strong initiative.} Be7 17. Bxd7 $1 Rxd7 18. Nb5 Qc6 19. Nxa7 Kxa7 {[#]} 20. b5 $1 {[%cal Rb5c6][%mdl 512] [#]} Qxb5 $2 (20... Bxc5 $1 $16 {[%mdl 512]} 21. Rxc5 (21. bxc6 Bxe3 22. fxe3 Rc7 $11) 21... Qb6) 21. c6+ $1 {Precision: White = 85%, Black = 40%.} 1-0

[Event "18th Brasschaat Open 2018"]
[Site "Brasschaat"]
[Date "2018.08.25"]
[Round "8"]
[White "Sadkowski, Daniel"]
[Black "Docx, Stefan"]
[Result "0-1"]
[WhiteElo "2235"]
[BlackElo "2444"]
[Annotator "TA"]
[PlyCount "66"]
[EventDate "2018.08.18"]
[EventType "swiss"]
[EventCountry "BEL"]
[SourceTitle "playchess.com"]
[Source "ChessBase"]
[SourceQuality "1"]

{[%evp 27,66,2,5,4,13,0,0,0,0,0,2,-3,-1,-4,6,-15,0,0,28,-20,-26,-31,-31,-35,0,0,0,0,0,0,0,0,0,0,0,0,0,-8,-20,-143,-139]} 1. e4 e5 2. Nf3 Nc6 3. Bb5 a6 4. Ba4 Nf6 5. O-O Be7 6. d3 b5 7. Bb3 d6 8. a3 O-O 9. Nc3 Bg4 10. Be3 Nd4 {C84: Closed Ruy Lopez: Unusual White 6th moves} 11. Bxd4 exd4 12. Nd5 Nxd5 13. Bxd5 Rc8 14. h3 (14. a4 c6 15. Bb3 d5 16. h3 Bh5 17. axb5 axb5 18. exd5 {1-0 (47) Karjakin,S (2782)-Aronian,L (2764) Paris 2018}) 14... Bd7 {LiveBook: 6 Games} 15. Nxd4 Bf6 16. c3 c6 $146 ({Predecessor:} 16... Bxd4 17. cxd4 Qf6 18. Qc2 {1-0 (60) Garcia Pantoja,R (2402)-Olivares Canelles,F (2296) Havana 2010}) 17. Bb3 Bxd4 $1 18. cxd4 Qf6 19. Qd2 Qxd4 20. Qc3 Qb6 21. Kh1 Rfe8 22. f4 d5 {[%cal Bd6d5,Bd5d4][%mdl 32]} 23. e5 d4 24. Qd2 c5 25. Rac1 Be6 26. Bxe6 fxe6 27. b3 Qd8 28. Rfd1 Qd5 $36 {[%mdl 2048] Black has the initiative.} 29. b4 Rf8 30. bxc5 Rxc5 31. Rxc5 Qxc5 32. Qa2 Qc6 33. Rf1 {[#]} (33. Qf2 $11) 33... Rxf4 $1 {[%mdl 512] Precision: White = 53%, Black = 56%.} 0-1

[Event "18th Brasschaat Open 2018"]
[Site "Brasschaat"]
[Date "2018.08.25"]
[Round "8"]
[White "Kazarian, Anna-Maja"]
[Black "Den Hartog, Marijn"]
[Result "1-0"]
[WhiteElo "2183"]
[BlackElo "2118"]
[Annotator "TA"]
[PlyCount "59"]
[EventDate "2018.08.18"]
[EventType "swiss"]
[EventCountry "BEL"]
[SourceTitle "playchess.com"]
[Source "ChessBase"]
[SourceQuality "1"]

{[%evp 21,59,64,62,61,55,55,66,51,60,52,45,44,51,42,54,40,47,36,115,114,244,246,239,240,754,674,953,800,976,874,1319,1278,5954,6710,29990,3599,29990,29991,29991,29992]} 1. Nf3 Nf6 2. c4 g6 3. g3 Bg7 4. Bg2 O-O 5. O-O d6 6. Nc3 Nc6 7. d3 e5 8. Rb1 Nd7 9. b4 f5 10. Nd5 Ne7 11. Bg5 Nf6 12. Nxf6+ {A26: English Opening vs King's Indian with ...Nc6 and d3} (12. Qb3 c6 13. Nxf6+ Bxf6 14. c5+ Kg7 15. Bxf6+ Rxf6 16. cxd6 Qxd6 17. Qb2 Be6 18. a3 a5 19. Qxe5 Qxe5 20. Nxe5 axb4 21. axb4 {1-0 (41) Pribyl,M (2305)-Karnik,P (2275) Lazne Bohdanec 1997}) 12... Bxf6 13. Bxf6 Rxf6 14. Nd2 {White is slightly better.} f4 $146 ({Predecessor:} 14... c6 15. e3 d5 16. f4 exf4 17. gxf4 a5 18. b5 Be6 19. bxc6 bxc6 {1-0 (64) Hecko,D (2073)-Hanko,P (2157) Slovakia 2013}) 15. Ne4 Rf8 16. d4 Bf5 17. dxe5 dxe5 18. Qb3 Nc6 19. e3 Bxe4 (19... fxe3 $14 20. c5+ (20. fxe3 Qe7 $16) 20... Kg7 21. fxe3 a6) 20. Bxe4 $16 f3 (20... fxg3 $16 21. hxg3 Qe7 22. c5+ Kg7) 21. c5+ $18 Kh8 22. b5 Nb8 $2 {[#]} (22... Na5 23. Qc3 c6 24. Qxe5+ Qf6 25. Qxf6+ Rxf6 26. bxc6 bxc6) 23. Bxb7 Qd7 24. Rbd1 Qg4 25. Kh1 c6 26. Bxa8 Rf5 27. Qe6 h5 28. e4 (28. Qe8+ $142 Kg7 29. Rd8 Kf6 30. Rxb8 Kg5 31. h4+ Qxh4+ 32. gxh4+ Kxh4 33. Qxg6) 28... h4 29. Rd8+ Kg7 30. exf5 {Precision: White = 87%, Black = 16%.} 1-0

[Event "18th Brasschaat Open 2018"]
[Site "Brasschaat"]
[Date "2018.08.25"]
[Round "8"]
[White "Baselmans, Luuk"]
[Black "Dauw, Sterre"]
[Result "1/2-1/2"]
[WhiteElo "2100"]
[BlackElo "2192"]
[Annotator "TA"]
[PlyCount "70"]
[EventDate "2018.08.18"]
[EventType "swiss"]
[EventCountry "BEL"]
[SourceTitle "playchess.com"]
[Source "ChessBase"]
[SourceQuality "1"]

{[%evp 19,70,22,19,-54,-35,-32,-31,-43,-39,-47,-35,-41,-35,-27,-19,-23,-19,-16,-34,-20,-25,-29,-12,-13,-9,-30,-27,-27,-27,-36,-35,-39,-25,-33,0,-32,0,0,0,0,0,0,0,-7,0,0,0,0,0,0,0,0,0]} 1. e4 e5 2. Nf3 Nc6 3. d4 exd4 4. Bc4 Nf6 5. e5 Ng4 6. O-O d6 7. exd6 Bxd6 {C56: Two Knights: 4 d4 exd4 5 0-0 Nxe4} (7... Qxd6 8. h3 Nh6 9. Re1+ Be7 10. b3 Nf5 11. Ba3 Qf6 12. Nbd2 O-O 13. Ne4 Qg6 14. Bxe7 Nfxe7 15. Neg5 {0-1 (55) Von Bahr,O (2431)-Hector,J (2499) Ronneby 2018}) 8. Re1+ Kf8 9. Bb3 Nge5 10. h3 Qf6 {LiveBook: 3 Games. aiming for ...Nxf3+.} 11. Ng5 ({Better is} 11. Nbd2 $1 $11) 11... h6 $1 $15 {[%cal Rh6g5]} 12. Ne4 Qg6 {[#] And now ...Bxh3 would win.} 13. Kh1 Be6 $146 ({Predecessor:} 13... Bf5 14. Nxd6 cxd6 15. f4 Bxh3 16. gxh3 {½-½ (22) Peretz,M (2255)-Nickl,K (2140) Courmayeur 2011}) 14. Nxd6 Bxb3 15. axb3 Qxd6 (15... cxd6 {seems wilder.} 16. Na3 a6 17. b4 h5 18. f4 Nd7) 16. Bf4 Re8 17. Nd2 {With the idea Nc4.} Qd5 18. Bxe5 Rxe5 19. Rxe5 Qxe5 20. Nf3 Qc5 21. Qd2 g6 22. Rd1 Kg7 23. Nxd4 Rd8 24. Qc3 $1 Qxc3 25. bxc3 Nxd4 26. cxd4 {[%mdl 4096] Endgame KR-KR} c5 27. Ra1 Rxd4 28. Rxa7 {The position is equal.} b5 29. Ra5 Rd2 30. Rxb5 Rxc2 31. Kh2 Kf6 32. Kg3 h5 33. Kf3 Ke6 34. Ke3 f5 35. h4 Kf6 {Precision: White = 65%, Black = 52%.} 1/2-1/2

[Event "18th Brasschaat Open 2018"]
[Site "Brasschaat"]
[Date "2018.08.25"]
[Round "8"]
[White "Pirard, Natan"]
[Black "Follesa, Enrico"]
[Result "1-0"]
[WhiteElo "2067"]
[BlackElo "1856"]
[Annotator "NA RC"]
[PlyCount "61"]
[EventDate "2018.08.18"]
[EventType "swiss"]
[EventCountry "BEL"]
[SourceTitle "playchess.com"]
[Source "ChessBase"]
[SourceQuality "1"]
[TimeControl "40/5400+30:1800+30"]

1. e4 {[%emt 0:00:00]} c5 {[%emt 0:00:00]} 2. Nf3 {[%emt 0:00:00]} d6 {[%emt 0:00:00]} 3. Bb5+ {[%emt 0:00:00]} Bd7 {[%emt 0:00:00]} 4. Bxd7+ {[%emt 0:00:04]} Qxd7 {[%emt 0:00:00]} 5. O-O {[%emt 0:00:07]} Nc6 {[%emt 0:00:07]} 6. Qe2 {[%emt 0:00:07]} e6 {[%emt 0:01:22]} 7. Rd1 {[%emt 0:00:20]} Nf6 {[%emt 0:07:34]} 8. d4 {[%emt 0:00:26]} cxd4 {[%emt 0:00:12]} 9. Nxd4 {[%emt 0:00:02]} Be7 {[%emt 0:00:45]} 10. c4 {[%emt 0:00:32]} a6 {[%emt 0:01:21] LiveBook: 4 Games} 11. Nc3 {[%emt 0:00:39]} O-O {[%emt 0:00:25]} 12. b3 {[%emt 0:00:25]} Qc7 {[%emt 0:00:38]} 13. Bb2 {[%emt 0:02:05]} Rac8 {[%emt 0:06:03]} 14. h3 {[%emt 0:05:30]} Nd7 {[%emt 0:04:08]} 15. Qd3 $11 {[%emt 0:15:00]} Rfd8 {[%emt 0:10:19]} 16. Qg3 {[%emt 0:11:45]} Nxd4 {[%emt 0:08:06]} 17. Rxd4 {[%emt 0:00:35]} Bf8 {[%emt 0:00:10]} 18. Rad1 {[%emt 0:04:14]} b6 {[%emt 0:06:34]} 19. Ne2 {[%emt 0:24:18]} Nf6 {[%emt 0:19:11]} 20. Nc3 {[%emt 0:04:30]} Nd7 {[%emt 0:03:09]} 21. Kh1 {[%emt 0:06:13]} Qc6 {[%emt 0:07:09]} 22. Rxd6 {[%emt 0:02:08]} Qc7 {[%emt 0:14:47]} 23. R6d3 {[%emt 0:05:48]} Qb7 {[%emt 0:01:43]} 24. Qg5 {[%emt 0:04:04]} h6 {[%emt 0:01:36]} 25. Qd2 {[%emt 0:01:18]} Rc7 {[%emt 0:00:32]} 26. Na4 {[%emt 0:02:38]} b5 {[%emt 0:00:37]} 27. cxb5 {[%emt 0:00:48]} axb5 {[%emt 0:00:01]} 28. Be5 {[%emt 0:01:48]} Rc6 {[%emt 0:04:51]} 29. Nc3 {[%emt 0:01:07]} b4 {[%emt 0:00:30]} 30. Na4 {[%emt 0:00:15]} Qb5 {[%emt 0:00:51]} 31. Rxd7 {[%emt 0:00:29]} 1-0

[Event "18th Brasschaat Open 2018"]
[Site "Brasschaat"]
[Date "2018.08.25"]
[Round "8"]
[White "Boudry, William"]
[Black "Dgebuadze, Alexandre"]
[Result "0-1"]
[WhiteElo "2044"]
[BlackElo "2511"]
[Annotator "TA"]
[PlyCount "68"]
[EventDate "2018.08.18"]
[EventType "swiss"]
[EventCountry "BEL"]
[SourceTitle "playchess.com"]
[Source "ChessBase"]
[SourceQuality "1"]

{[%evp 9,68,-18,-6,-19,0,0,0,0,6,0,64,69,75,47,32,0,62,22,44,51,30,30,35,0,-11,0,0,0,37,37,31,27,72,84,76,48,107,53,87,49,45,-109,-112,-187,-220,-251,-174,-191,-204,-410,-410,-430,-434,-951,-951,-951,-935,-877,-852,-819,-629]} 1. e4 c5 2. Be2 (2. Nf3 Nf6 3. Nc3 d5 4. exd5 Nxd5 5. Bb5+ Bd7 6. Ne5 Bxb5 7. Qf3 f6 8. Nxb5 Na6 9. Qh5+ g6 10. Nxg6 hxg6 11. Qxh8 Qd7 12. Nc3 Nab4 13. O-O Nxc2 14. Rb1 {½-½ (54) Caruana,F (2816)-Mamedyarov,S (2808) Leuven 2018}) 2... Nc6 3. f4 g6 4. Nf3 Nf6 5. d3 d5 6. Nbd2 {B31: Sicilian: 2...Nc6 3 Bb5 g6} Ng4 $146 ({Predecessor:} 6... Bg7 7. O-O O-O 8. c3 d4 9. a4 Ng4 10. Nb1 b6 11. h3 Nf6 12. Na3 Ba6 13. c4 Bb7 14. Qe1 Nb4 {0-1 (40) Porubszki,G (2285)-Varga,Z (2400) Werfen 1991}) 7. Nb3 Bg7 8. h3 {The position is equal.} Nf6 9. e5 Ng8 ({Black should play} 9... Nh5 $11) 10. c3 $14 {[%cal Bc2c3,Bc3c4][%mdl 32]} b6 11. O-O h5 12. c4 d4 (12... dxc4 $11 13. dxc4 Nh6) 13. Ng5 Nh6 14. Bf3 Qc7 15. Re1 Bb7 16. Ne4 Nf5 17. Qe2 Kf8 18. Nbd2 {[%cal Bb3d2,Bd2f1,Bf1h2][%mdl 32]} Nb4 19. Nf1 Nh4 20. Nh2 Re8 21. a3 Nc6 22. e6 {exf7 is the strong threat.} Nd8 ({Black should try} 22... f6 $14) 23. exf7 $16 Nxf7 24. Qf2 Nf5 25. g4 $2 (25. Ng3 $14) 25... hxg4 $17 26. hxg4 {[#]} (26. Bxg4 $17 {was necessary.} e5 27. fxe5) 26... Ne3 $1 $19 {[%mdl 512]} 27. Bh1 (27. Bxe3 dxe3) 27... Qd7 28. Bxe3 dxe3 {[%cal Bd4e3,Be3e2][%mdl 32]} 29. Qe2 $2 (29. Rxe3 {keeps fighting.} Bd4 30. Rae1) 29... Bd4 30. Rf1 Kg7 {Black is clearly winning.} 31. g5 {[#]} (31. Ng3 $142 Rh3 32. Bxb7 Qxb7 33. Rf3) 31... Rxh2 $1 {[%mdl 512]} 32. Qxh2 e2+ 33. Rf2 Bxe4 34. Bxe4 Qg4+ {Precision: White = 47%, Black = 63%.} 0-1

[Event "18th Brasschaat Open 2018"]
[Site "Brasschaat"]
[Date "2018.08.25"]
[Round "8"]
[White "De Bock, Thijs"]
[Black "Dgebuadze, Marie"]
[Result "1-0"]
[WhiteElo "1959"]
[BlackElo "1733"]
[Annotator "NA RC"]
[PlyCount "57"]
[EventDate "2018.08.18"]
[EventType "swiss"]
[EventCountry "BEL"]
[SourceTitle "playchess.com"]
[Source "ChessBase"]
[SourceQuality "1"]
[TimeControl "40/5400+30:1800+30"]

{[%evp 8,48,35,28,57,48,60,50,57,24,25,17,37,59,32,32767,32767,32767,32767,79,85,80,97,0,8,-62,-72,-59,-68,-128,-135,-190,-199,-205,-85,-106,-87,-92,-82,-78,-76,-80,-76]} 1. e4 {[%emt 0:00:00]} c5 {[%emt 0:00:00]} 2. Nf3 {[%emt 0:00:00]} d6 {[%emt 0:00:00]} 3. d4 {[%emt 0:00:00]} cxd4 {[%emt 0:00:00]} 4. Nxd4 {[%emt 0:00:00]} Nf6 {[%emt 0:00:00]} 5. Nc3 {[%emt 0:00:00]} g6 {[%emt 0:00:00]} 6. Be3 {[%emt 0:00:00]} Bg7 {[%emt 0:00:05]} 7. f3 {[%emt 0:00:16]} Nc6 {[%emt 0:00:06]} 8. Bc4 {[%emt 0:00:04]} O-O {[%emt 0:00:27]} 9. Qd2 {[%emt 0:00:03]} Bd7 {[%emt 0:00:13]} 10. O-O-O {[%emt 0:00:05]} Rc8 {[%emt 0:00:06]} 11. Bb3 {[%emt 0:00:02]} Ne5 {[%emt 0:00:05]} 12. Kb1 {[%emt 0:00:03]} Nc4 {[%emt 0:00:37]} 13. Bxc4 $1 {[%emt 0:00:03]} Rxc4 {[%emt 0:00:08]} 14. g4 {[%emt 0:00:04]} Qa5 {[%emt 0:01:06] LiveBook: 25 Games} 15. Nd5 {[%emt 0:02:15]} (15. Nb3 $16 Qa6 {[#]} 16. e5 $1 {[%mdl 512]} Nxg4 17. fxg4) 15... Qxd2 $1 {[%emt 0:06:29]} 16. Nxe7+ {[%emt 0:00:22]} ({Better is} 16. Nxf6+ $11 Bxf6 17. Rxd2) 16... Kh8 {[%emt 0:00:07]} 17. Rxd2 {[%emt 0:00:04]} (17. Bxd2 $2 {loses.} Rxd4 18. Bc3 Rxd1+ 19. Rxd1 Re8 $19) 17... Re8 {[%emt 0:00:09]} 18. b3 {[%emt 0:01:22]} Rc3 {[%emt 0:01:06]} 19. g5 {[%emt 0:00:06]} Nxe4 {[%emt 0:02:23]} ({Resist} 19... Rxe3 20. gxf6 Bxf6 21. Nd5 $17) 20. fxe4 {[%emt 0:01:02]} Rxe7 {[%emt 0:00:20]} (20... Rxe3 $19 {is more deadly.} 21. Nd5 R3xe4) 21. Bf4 {[%emt 0:03:04]} Rxe4 {[%emt 0:03:01]} 22. Ne2 {[%emt 0:00:08]} Rc8 {[%emt 0:02:09]} 23. Bxd6 {[%emt 0:01:28]} Rce8 {[%emt 0:00:49]} 24. Nc1 $17 {[%emt 0:07:35]} Bf5 {[%emt 0:05:53]} 25. Ba3 {[%emt 0:04:51]} Rg4 {[%emt 0:02:21]} 26. Re1 {[%emt 0:00:37]} Rxe1 {[%emt 0:04:34]} 27. Rd8+ {[%emt 0:00:08]} Bf8 {[%emt 0:00:06]} 28. Bxf8 {[%emt 0:00:05]} Rge4 {[%emt 0:00:11]} 29. Be7+ {[%emt 0:00:07]} 1-0

[Event "18th Brasschaat Open 2018"]
[Site "Brasschaat"]
[Date "2018.08.25"]
[Round "8"]
[White "Van Dijck, Bjarne"]
[Black "Grochal, Joey"]
[Result "0-1"]
[WhiteElo "1932"]
[BlackElo "2300"]
[Annotator "TA"]
[PlyCount "56"]
[EventDate "2018.08.18"]
[EventType "swiss"]
[EventCountry "BEL"]
[SourceTitle "playchess.com"]
[Source "ChessBase"]
[SourceQuality "1"]

{[%evp 23,56,-38,-38,-86,-25,-52,-44,-41,-41,-49,-29,-200,-200,-194,-194,-200,-198,-255,-252,-293,-299,-550,-542,-540,-525,-679,-703,-782,-777,-896,-896,-1070,-1073,-955,-741]} 1. e4 c5 2. c3 Nf6 3. e5 Nd5 4. d4 cxd4 5. cxd4 Nc6 6. Nf3 d6 7. Bc4 Nb6 8. Bb3 dxe5 9. d5 Na5 10. Nc3 {B22: Sizilianisch (Alapin 2.c3)} f6 (10... Nxb3 11. Qxb3 e6 12. Nxe5 Nxd5 13. Qb5+ Bd7 14. Qxb7 Bb4 15. Nxd7 Qc8 16. Nc5 Qxb7 17. Nxb7 Rb8 18. Nd6+ Bxd6 19. Nxd5 exd5 20. O-O {½-½ (31) Stevic,H (2624)-Markus,R (2625) Ljubljana 2012}) 11. Be3 g6 12. O-O Bd7 {LiveBook: 5 Partien} 13. Bc5 Nbc4 $146 (13... Rc8 $17 14. Bxb6 Qxb6) ({Vorgänger:} 13... Bg7 14. Re1 Rc8 15. Bb4 Nac4 16. Qe2 a5 17. Bxa5 Nxa5 {0-1 (28) Spence,D (2244)-Galliano,A (2085) Canterbury 2010}) 14. Qe2 $11 Nd6 (14... Rc8 $5 {[%cal Rc8c5]} 15. Bxa7 Bh6 $15) 15. Nxe5 fxe5 16. Qxe5 Nf7 17. Qe2 $2 (17. Qd4 $1 $11) 17... Nxb3 $19 18. axb3 {[#]} Bg7 $1 19. Rfe1 {[%cal Rc5e7]} Be5 20. f4 (20. Bxa7 $142 O-O 21. Qe3) 20... Bd6 21. Bd4 O-O ({Nicht} 21... Bxf4 22. Qf2 $11) 22. Rxa7 $2 {[#]} (22. g3) 22... Rxa7 {Schwarz steht klar auf Gewinn.} 23. Bxa7 b6 24. Ne4 Qc7 25. Qa6 Ra8 26. Ra1 Bxf4 27. d6 Nxd6 28. Nxd6 Bxd6 {Precision: Weiß = 13%, Schwarz = 78%.} 0-1

[Event "18th Brasschaat Open 2018"]
[Site "Brasschaat"]
[Date "2018.08.25"]
[Round "8"]
[White "Punt, Rene"]
[Black "Draftian, Ashote"]
[Result "0-1"]
[WhiteElo "1876"]
[BlackElo "2247"]
[Annotator "TA"]
[PlyCount "46"]
[EventDate "2018.08.18"]
[EventType "swiss"]
[EventCountry "BEL"]
[SourceTitle "playchess.com"]
[Source "ChessBase"]
[SourceQuality "1"]

{[%evp 11,46,17,15,0,14,18,56,0,0,-35,-25,-49,-25,-145,-119,-137,-118,-135,-132,-220,-202,-210,-195,-154,-196,-224,-152,-210,-210,-410,-380,-379,-387,-375,-373,-405,-393]} 1. b3 d5 2. Bb2 Bg4 3. Nf3 Nd7 4. h3 (4. g3 e5 5. h3 Bxf3 6. exf3 Ngf6 7. Bg2 Bc5 8. O-O O-O 9. c3 Re8 10. d4 exd4 11. cxd4 Bb6 12. Nd2 {½-½ (25) Malakhov,V (2691)-Motylev,A (2660) Sochi 2018}) 4... Bh5 5. d3 Ngf6 {[%cal Bg8f6,Bf6d5,Bd5f4,Bf4d3][%mdl 32]} 6. Nbd2 {A06: Réti Opening:1 Nf3 d5} e6 {LiveBook: 4 Games} 7. e4 dxe4 $146 ({Predecessor:} 7... Bg6 8. Nh4 c5 9. Nxg6 hxg6 10. exd5 Nxd5 11. g3 Qc7 {1-0 (39) Mujica,H-Cerqueira,R IECG email 2003}) 8. dxe4 {The position is equal.} Nc5 9. e5 (9. Qe2 $14) 9... Nd5 $11 10. Bc4 Be7 11. a3 Qd7 12. Qe2 (12. O-O $11) 12... Nf4 $17 13. Qf1 O-O-O $36 {[%mdl 2048] Black is on the roll.} ({Don't play} 13... Bxf3 $6 14. Nxf3 Rd8 15. Nd4 $11) 14. O-O-O Qc6 15. Bb5 (15. Kb1 $17 {is a better defense.}) 15... Ncd3+ $19 16. Bxd3 Nxd3+ 17. Kb1 Bg6 18. Nd4 Qa6 19. Nc4 (19. N2f3 $17 c5 20. cxd3) 19... Nxb2 20. Kxb2 $2 {[#]} (20. Nxb2 {only move.} Qxa3 21. Qc4) 20... b5 {Black is winning.} 21. Nxb5 Rxd1 22. Qxd1 Qxb5 23. Qf3 Qd5 {Precision: White = 16%, Black = 66%.} 0-1

[Event "18th Brasschaat Open 2018"]
[Site "Brasschaat"]
[Date "2018.08.25"]
[Round "8"]
[White "Naalden, Marc"]
[Black "Oudewaal, Vincent"]
[Result "0-1"]
[WhiteElo "1860"]
[BlackElo "2070"]
[Annotator "NA RC"]
[PlyCount "56"]
[EventDate "2018.08.18"]
[EventType "swiss"]
[EventCountry "BEL"]
[SourceTitle "playchess.com"]
[Source "ChessBase"]
[SourceQuality "1"]
[TimeControl "40/5400+30:1800+30"]

1. d4 {[%emt 0:00:00]} Nf6 {[%emt 0:00:00]} 2. Bf4 {[%emt 0:00:00]} d6 {[%emt 0:00:00]} 3. Nc3 {[%emt 0:00:07]} Nbd7 {[%emt 0:01:03]} 4. Nf3 {[%emt 0:00:43]} c5 {[%emt 0:02:20]} 5. d5 {[%emt 0:04:20] LiveBook: 9 Games} b5 {[%emt 0:03:13]} 6. Nxb5 {[%emt 0:02:06]} Qa5+ {[%emt 0:00:10]} 7. Nc3 {[%emt 0:00:10]} Rb8 {[%emt 0:00:20]} 8. Bd2 {[%emt 0:10:48]} Rxb2 {[%emt 0:08:48]} 9. e4 {[%emt 0:02:39]} g6 {[%emt 0:13:24]} 10. Nb5 $15 {[%emt 0:03:12]} ({White should try} 10. Qc1 $14 Rb7 11. a4) 10... Qa4 {[%emt 0:03:50]} 11. c4 {[%emt 0:04:11]} Qxd1+ {[%emt 0:00:11]} 12. Kxd1 {[%emt 0:01:20]} Nxe4 {[%emt 0:00:11]} 13. Nc7+ {[%emt 0:04:31]} Kd8 {[%emt 0:00:07]} 14. Ba5 {[%emt 0:00:09]} Nb6 {[%emt 0:00:37]} 15. Nb5 {[%emt 0:02:42]} Bg7 {[%emt 0:00:07]} 16. Nxa7 {[%emt 0:03:16]} Nxf2+ {[%emt 0:00:11]} 17. Ke1 {[%emt 0:01:15]} Nxh1 {[%emt 0:00:08]} 18. Rd1 {[%emt 0:05:14]} Bg4 {[%emt 0:08:40]} 19. Nb5 {[%emt 0:01:09]} Bxf3 {[%emt 0:07:00]} 20. Bxb6+ {[%emt 0:00:30]} Kd7 {[%emt 0:00:11]} 21. gxf3 {[%emt 0:00:13]} Rxa2 {[%emt 0:00:57]} 22. Rd2 {[%emt 0:09:50]} Ra6 {[%emt 0:01:03]} 23. Bg2 {[%emt 0:01:08]} Rxb6 {[%emt 0:00:09]} 24. Ra2 {[%emt 0:00:17]} Rhb8 {[%emt 0:03:27]} 25. Bf1 {[%emt 0:01:19]} Bd4 {[%emt 0:00:40]} 26. h4 {[%emt 0:04:18]} Ng3 {[%emt 0:00:16]} 27. Bh3+ {[%emt 0:00:05]} f5 {[%emt 0:00:05]} 28. Rg2 {[%emt 0:00:10]} Be5 {[%emt 0:46:52]} 0-1